000
00307nam a2200133Ia 4500
005
20251222141841.0
008
251222s9999||||xx |||||||||||||| ||spa||
020
_a
2-7022-0429-5
082
_a
730.944/B81
100
_a
Monsel, Philippe
245
0
_a
Brancusi:
264
_b
Découvrons L'Art
942
_c
LIB
999
_c
7411
_d
7411